Empirical intra-industry trade analyis of india / (Record no. 208609)
[ view plain ]
| 000 -LEADER | |
|---|---|
| fixed length control field | 00707nam a22002057a 4500 |
| 005 - DATE AND TIME OF LATEST TRANSACTION | |
| control field | 20250120143854.0 |
| 010 ## - LCCN (DPL NO) | |
| LC control number | ENG-143458 |
| 020 ## - INTERNATIONAL STANDARD BOOK NUMBER | |
| Terms of availability | 795.00 |
| International Standard Book Number | 978818483004 |
| 035 ## - SYSTEM CONTROL NUMBER | |
| System control number | EN-126990 |
| 037 ## - SOURCE OF ACQUISITION | |
| Source of stock number/acquisition | DBAD |
| 082 ## - DEWEY DECIMAL CLASSIFICATION NUMBER | |
| Classification number | 338.476 870 954 |
| 100 ## - MAIN ENTRY--PERSONAL NAME | |
| Personal name | Kular , Dr Simran kaur |
| 245 ## - TITLE STATEMENT | |
| Title | Empirical intra-industry trade analyis of india / |
| Statement of responsibility, etc | Kular , Dr Simran kaur |
| 260 ## - PUBLICATION, DISTRIBUTION, ETC. (IMPRINT) | |
| Name of publisher, distributor, etc | Arun Publishing house |
| Date of publication, distribution, etc | 2021 |
| Place of publication, distribution, etc | Chandigarh |
| 270 ## - ADDRESS | |
| Address | SCO 49-51, sector 17 c, |
| City | Chandigarh |
| Postal code | 160017 |
| 300 ## - PHYSICAL DESCRIPTION | |
| Extent | 115 p. |
| Dimensions | 24 cm (pbk) |
| 500 ## - GENERAL NOTE | |
| General note | Empirical intra-industry trade analyis of india |
| 700 ## - ADDED ENTRY--PERSONAL NAME | |
| Personal name | Dr Simran kaur Kular |
| 9 (RLIN) | 76737 |
| 942 ## - ADDED ENTRY ELEMENTS (KOHA) | |
| Source of classification or shelving scheme | Dewey Decimal Classification |
| Item type | English Books |
| Classification part | 338.476 870 954 |
| Call number suffix | Kul |
| Withdrawn status | Lost status | Not for loan | Collection code | Home library | Current library | Date acquired | Source of acquisition | Cost, normal purchase price | Full call number | Barcode | Copy number | Cost, replacement price | Koha item type |
|---|---|---|---|---|---|---|---|---|---|---|---|---|---|
| Non-fiction | Central Library | Central Library | 20/01/2025 | DBAD | 795.00 | 338.476870 954 KUL | EN-126990 | 1 | 795.00 | English Books |
